[Event "51st Capablanca Mem Prem"]
[Site "Varadero CUB"]
[Date "2016.06.13"]
[Round "5.1"]
[White "Gonzalez Vidal, Yuri"]
[Black "Morovic Fernandez, Ivan"]
[Result "1-0"]
[WhiteTitle "GM"]
[BlackTitle "GM"]
[WhiteElo "2555"]
[BlackElo "2572"]
[WhiteFideId "3503321"]
[BlackFideId "3405400"]
[EventDate "2016.06.09"]

1. Nf3 Nf6 2. c4 g6 3. Nc3 Bg7 4. e4 d6 5. d4 O-O 6. h3 e5 7. d5 Nh5 8. g3 f5 9.
exf5 gxf5 10. Nh4 Nf4 11. Bd2 Na6 12. a3 Nc5 13. Qc2 a5 14. gxf4 Qxh4 15. Rg1
Kh8 16. fxe5 Bxe5 17. Bg5 Qh5 18. f4 Bg7 19. Be2 Qxh3 20. O-O-O Ne4 21. Nb5 Bd7
22. Nxc7 Qe3+ 23. Kb1 Rac8 24. Ne6 Bxe6 25. dxe6 Rfe8 26. Bh5 Rxe6 27. Bf7 Nxg5
28. Bxe6 Qxe6 29. Rxg5 Rf8 30. Rd5 h6 31. Rgxf5 Rc8 32. Qd3 Qe1+ 33. Ka2 Qc1 34.
Rb5 Rxc4 35. Rxb7 Rc8 36. Rff7 1-0

[Event "51st Capablanca Mem Prem"]
[Site "Varadero CUB"]
[Date "2016.06.13"]
[Round "5.2"]
[White "Ortiz Suarez, Isan Reynaldo"]
[Black "Gomez Garrido, Camilo Ernesto"]
[Result "1/2-1/2"]
[WhiteTitle "GM"]
[BlackTitle "IM"]
[WhiteElo "2578"]
[BlackElo "2546"]
[WhiteFideId "3507165"]
[BlackFideId "3507904"]
[EventDate "2016.06.09"]

1. b3 d5 2. Bb2 Nf6 3. Nf3 e6 4. g3 Be7 5. Bg2 O-O 6. O-O c5 7. c4 Nc6 8. cxd5
Nxd5 9. Nc3 Nxc3 10. Bxc3 Qc7 11. Rc1 e5 12. d3 1/2-1/2

[Event "51st Capablanca Mem Prem"]
[Site "Varadero CUB"]
[Date "2016.06.13"]
[Round "5.3"]
[White "Sevian, Samuel"]
[Black "Xiong, Jeffery"]
[Result "1/2-1/2"]
[WhiteTitle "GM"]
[BlackTitle "GM"]
[WhiteElo "2603"]
[BlackElo "2627"]
[WhiteFideId "2040506"]
[BlackFideId "2047640"]
[EventDate "2016.06.09"]

1. e4 d5 2. exd5 Qxd5 3. Nc3 Qd6 4. d4 Nf6 5. Nf3 g6 6. Nb5 Qb6 7. a4 c6 8. Na3
Bg7 9. Be2 O-O 10. Nc4 Qc7 11. O-O Nd5 12. a5 Nd7 13. Re1 N7f6 14. c3 Bf5 15.
Bf1 Rad8 16. Qb3 c5 17. Nce5 cxd4 18. c4 Ne4 19. cxd5 Bxe5 20. Nxe5 Qxe5 21. Bh6
Rfe8 22. Bb5 Bd7 23. Bc4 Qf5 24. Re2 Nd6 25. Rae1 Qf6 26. Re5 Nf5 27. Bf4 b6 28.
axb6 axb6 29. Bd3 Ra8 30. Qd1 Red8 31. Qd2 h6 32. Bxf5 Bxf5 33. Qxd4 Ra5 34. Bg3
Kh7 35. h3 Rd6 36. Qe3 e6 37. dxe6 Rxe6 38. Rxe6 Qxe6 39. Qc3 Rc5 40. Rxe6 Rxc3
41. Rxb6 Rc1+ 42. Kh2 Rc2 43. Rb7 Be6 44. h4 g5 45. h5 Bd5 46. Rb8 Kg7 47. Rd8
Be6 48. b4 f6 49. b5 Rb2 50. Rb8 Bd5 51. b6 Kf7 52. Rh8 Rxb6 53. Rxh6 Kg7 54.
Rg6+ Kh7 55. Be5 Bf7 56. Rxf6 Rxf6 57. Bxf6 Bxh5 58. Bxg5 Kg6 59. Bd2 Bg4 60.
Kg3 Bc8 61. Kf4 Bb7 62. f3 Bc8 63. Ke5 Bd7 64. g4 Bc8 65. Bc1 Bd7 66. Kd6 Bc8
67. Ke5 Bd7 68. Kf4 Bc8 69. Bb2 Bd7 70. Kg3 Bc8 71. f4 1/2-1/2

[Event "51st Capablanca Mem Prem"]
[Site "Varadero CUB"]
[Date "2016.06.13"]
[Round "5.4"]
[White "Quesada Perez, Yuniesky"]
[Black "Arribas Lopez, Angel"]
[Result "1/2-1/2"]
[WhiteTitle "GM"]
[BlackTitle "GM"]
[WhiteElo "2631"]
[BlackElo "2544"]
[WhiteFideId "3504409"]
[BlackFideId "2283352"]
[EventDate "2016.06.09"]

1. d4 Nf6 2. c4 g6 3. Nc3 Bg7 4. e4 d6 5. Bd3 Nfd7 6. Nge2 c5 7. d5 Ne5 8. O-O
e6 9. f4 Nxd3 10. Qxd3 exd5 11. Nxd5 f5 12. Ng3 O-O 13. exf5 Bxf5 14. Nxf5 gxf5
15. Rb1 Na6 16. Bd2 Bd4+ 17. Kh1 Nc7 18. Bc3 Nxd5 19. Bxd4 cxd4 20. cxd5 Qf6 21.
Rfe1 Rae8 22. g3 Kf7 23. Kg2 a6 24. b3 Rxe1 25. Rxe1 Re8 26. Rxe8 Kxe8 27. a4 h5
28. a5 Kf7 29. b4 Kg6 30. Kf3 Qe7 31. Qxd4 Qe1 32. Kg2 Qe2+ 33. Qf2 Qxf2+ 34.
Kxf2 h4 35. Kg2 Kh6 36. Kh3 Kh5 37. gxh4 Kh6 38. Kg3 Kh5 39. h3 Kh6 1/2-1/2

[Event "51st Capablanca Mem Prem"]
[Site "Varadero CUB"]
[Date "2016.06.13"]
[Round "5.5"]
[White "Dragun, Kamil"]
[Black "Bacallao Alonso, Yusnel"]
[Result "1/2-1/2"]
[WhiteTitle "GM"]
[BlackTitle "GM"]
[WhiteElo "2599"]
[BlackElo "2554"]
[WhiteFideId "1134167"]
[BlackFideId "3507416"]
[EventDate "2016.06.09"]

1. e4 c6 2. Nc3 d5 3. Nf3 Bg4 4. h3 Bxf3 5. Qxf3 e6 6. d4 dxe4 7. Qxe4 Nf6 8.
Qd3 Nbd7 9. Bd2 Qc7 10. O-O-O Bd6 11. Kb1 O-O 12. g4 Bf4 13. Be3 Nd5 14. Ne2
Bxe3 15. fxe3 c5 16. e4 Nf4 17. Qg3 e5 18. dxe5 Nxe2 19. Bxe2 Nxe5 20. Bc4 Qe7
21. Bd5 Rae8 22. h4 Kh8 23. Rdf1 f6 24. Rf2 Nf7 25. Rhf1 Nd6 26. Rf4 Qe5 27. g5
Nf5 28. Qf2 Ne3 29. Qxe3 Qxd5 30. gxf6 Rxf6 31. Rxf6 gxf6 32. Qh6 Qd4 33. a3 Rg8
34. Qxf6+ Qxf6 35. Rxf6 Rg4 36. h5 Kg7 37. e5 Rh4 38. Rf5 b6 39. e6 a5 40. Re5
Kf8 41. e7+ Ke8 42. b3 c4 43. Kb2 cxb3 44. Kxb3 a4+ 45. Kc3 h6 46. Kb2 Rh3 47.
c3 Rh2+ 48. Kb1 b5 49. Kc1 Rh1+ 50. Kc2 Rh2+ 51. Kd3 Rh4 52. Rxb5 Kxe7 53. Ra5
Kd6 54. c4 Rh3+ 55. Kd4 Rxa3 56. Ra6+ Kc7 57. Kc5 Rh3 58. Ra7+ Kb8 59. Rxa4
Rxh5+ 60. Kb6 Rh4 61. Kb5 Kb7 62. Ra1 Rg4 63. Rf1 Rg6 64. Rf7+ 1/2-1/2

[Event "51st Capablanca Mem Prem"]
[Site "Varadero CUB"]
[Date "2016.06.15"]
[Round "6.1"]
[White "Morovic Fernandez, Ivan"]
[Black "Bacallao Alonso, Yusnel"]
[Result "1-0"]
[WhiteTitle "GM"]
[BlackTitle "GM"]
[WhiteElo "2572"]
[BlackElo "2554"]
[WhiteFideId "3405400"]
[BlackFideId "3507416"]
[EventDate "2016.06.09"]

1. e4 e5 2. Nf3 Nc6 3. Bb5 a6 4. Ba4 Nf6 5. Nc3 b5 6. Bb3 Be7 7. d3 d6 8. a3 O-O
9. O-O Nb8 10. a4 b4 11. Nd5 Nxd5 12. Bxd5 c6 13. Bb3 Nd7 14. Be3 a5 15. h3 Qc7
16. Nd2 Kh8 17. Kh1 f5 18. exf5 d5 19. f4 Rxf5 20. Qe2 Bd6 21. g4 Rf8 22. fxe5
Bxe5 23. Rxf8+ Nxf8 24. Rf1 Bd7 25. Bb6 Qd6 26. Bc5 Qxc5 27. Qxe5 Re8 28. Ne4
Rxe5 29. Nxc5 Re8 30. Rxf8+ Rxf8 31. Nxd7 Re8 32. Nc5 Kg8 33. Kg2 Kf7 34. Kf2
Ke7 35. d4 Kd6 36. Nb7+ Ke7 37. Nc5 Kd6 38. c3 Rf8+ 39. Ke2 Re8+ 40. Kd2 bxc3+
41. bxc3 Rf8 42. Bd1 Rf7 43. h4 h6 44. h5 Rf2+ 45. Be2 Rf7 46. Nb3 Ra7 47. Bd3
Ra8 48. Bf5 Ra7 49. Ke3 Rb7 50. Bc2 Re7+ 51. Kd2 Ra7 52. Bd3 Rb7 53. Kc2 Rf7 54.
Bf5 Re7 55. Kd2 Rb7 56. Bc2 Ra7 57. Bd1 Ra8 58. Kd3 Ra7 59. Bc2 Kc7 60. c4 Kd6
61. Kc3 Ra8 62. Bf5 Ra7 63. Bg6 Ra8 64. Bc2 Ra7 65. Bd1 Ra8 66. cxd5 cxd5 67.
Bc2 Ra7 68. Bd3 Ra8 69. Kd2 Ra7 70. Bb5 Ra8 71. Ke3 Ra7 72. Kf4 Rf7+ 73. Kg3 Ra7
74. g5 Re7 75. gxh6 gxh6 76. Nxa5 Re3+ 77. Kf4 Re4+ 78. Kf5 Rxd4 79. Nb7+ Kc7
80. Nc5 Rh4 81. Kg6 Kd6 82. Nd3 Rg4+ 83. Kxh6 Ke7 84. Kh7 Kf6 85. h6 Rh4 86. Nc5
Kg5 87. Ne6+ Kf6 88. Nc7 d4 89. a5 Rh5 90. a6 Rc5 91. Ne8+ Kg5 92. a7 Rc8 93.
Bc6 1-0

[Event "51st Capablanca Mem Prem"]
[Site "Varadero CUB"]
[Date "2016.06.15"]
[Round "6.2"]
[White "Arribas Lopez, Angel"]
[Black "Dragun, Kamil"]
[Result "1-0"]
[WhiteTitle "GM"]
[BlackTitle "GM"]
[WhiteElo "2544"]
[BlackElo "2599"]
[WhiteFideId "2283352"]
[BlackFideId "1134167"]
[EventDate "2016.06.09"]

1. e4 c6 2. Nc3 d5 3. Nf3 Bg4 4. d4 e6 5. h3 Bxf3 6. Qxf3 dxe4 7. Qxe4 Nf6 8.
Qd3 Nbd7 9. Bf4 Bb4 10. a3 Bxc3+ 11. bxc3 O-O 12. Be2 Re8 13. O-O e5 14. Bd2 Qc7
15. Rfe1 c5 16. Rab1 Rad8 17. d5 b6 18. c4 e4 19. Qc3 h6 20. a4 Qd6 21. a5 Rb8
22. axb6 axb6 23. Rb5 Ra8 24. Bf1 Nh5 25. Be2 Qg6 26. Kh1 f5 27. g4 Nhf6 28. Rg1
e3 29. Bxe3 f4 30. Bd3 Qg5 31. Bc1 Qh4 32. Bf1 Qxf2 33. Qd2 Qxd2 34. Bxd2 f3 35.
Bd3 Ne4 36. Bf4 Nc3 37. Bf5 Nxb5 38. cxb5 Nf8 39. Rf1 g6 40. Bd3 c4 1-0

[Event "51st Capablanca Mem Prem"]
[Site "Varadero CUB"]
[Date "2016.06.15"]
[Round "6.3"]
[White "Xiong, Jeffery"]
[Black "Quesada Perez, Yuniesky"]
[Result "1/2-1/2"]
[WhiteTitle "GM"]
[BlackTitle "GM"]
[WhiteElo "2627"]
[BlackElo "2631"]
[WhiteFideId "2047640"]
[BlackFideId "3504409"]
[EventDate "2016.06.09"]

1. d4 Nf6 2. c4 e6 3. Nf3 d5 4. g3 Bb4+ 5. Bd2 Bd6 6. Bg2 O-O 7. O-O Nbd7 8. b3
dxc4 9. bxc4 c5 10. Nc3 cxd4 11. Nxd4 a6 12. Be3 Be7 13. h3 Qc7 14. Rb1 Rd8 15.
Qb3 Nc5 16. Qb2 Bd7 1/2-1/2

[Event "51st Capablanca Mem Prem"]
[Site "Varadero CUB"]
[Date "2016.06.15"]
[Round "6.4"]
[White "Gomez Garrido, Camilo Ernesto"]
[Black "Sevian, Samuel"]
[Result "1-0"]
[WhiteTitle "IM"]
[BlackTitle "GM"]
[WhiteElo "2546"]
[BlackElo "2603"]
[WhiteFideId "3507904"]
[BlackFideId "2040506"]
[EventDate "2016.06.09"]

1. e4 e5 2. Nf3 Nc6 3. Bb5 a6 4. Ba4 Nf6 5. O-O d6 6. c4 Bg4 7. h3 Bxf3 8. Bxc6+
bxc6 9. Qxf3 Nd7 10. d3 Nc5 11. Nc3 g6 12. b4 Ne6 13. Be3 Bg7 14. a4 O-O 15. Qd1
f5 16. f3 Qd7 17. b5 h5 18. bxc6 Qxc6 19. Nd5 Qe8 20. Rb1 f4 21. Bf2 g5 22. c5
dxc5 23. Qc2 c6 24. Nb6 Rd8 25. Bxc5 Rf6 26. Bf2 Rg6 27. Qe2 Bf8 28. Rfc1 Nd4
29. Bxd4 Rxd4 30. Rc3 g4 31. hxg4 hxg4 32. fxg4 Qd8 33. a5 Qh4 34. Qf3 Bb4 35.
Rc2 Rdd6 36. Qh3 Qd8 37. g5 Bxa5 38. Nc4 Rxd3 39. Qf5 Rxg5 40. Qe6+ Kg7 41. Rb7+
Bc7 42. Rd2 Qd4+ 43. Kf1 Qa1+ 44. Kf2 Rxg2+ 45. Kxg2 Rg3+ 46. Kf2 Qg1+ 47. Ke2
Qg2+ 48. Kd1 Qf3+ 49. Re2 Qd3+ 50. Nd2 Rg1+ 51. Re1 Rxe1+ 52. Kxe1 Qe3+ 53. Kd1
Qg1+ 54. Kc2 Qc5+ 55. Kb1 Qa5 56. Qxc6 1-0

[Event "51st Capablanca Mem Prem"]
[Site "Varadero CUB"]
[Date "2016.06.15"]
[Round "6.5"]
[White "Gonzalez Vidal, Yuri"]
[Black "Ortiz Suarez, Isan Reynaldo"]
[Result "1/2-1/2"]
[WhiteTitle "GM"]
[BlackTitle "GM"]
[WhiteElo "2555"]
[BlackElo "2578"]
[WhiteFideId "3503321"]
[BlackFideId "3507165"]
[EventDate "2016.06.09"]

1. Nf3 c5 2. c4 Nc6 3. Nc3 e5 4. g3 g6 5. Bg2 Bg7 6. O-O d6 7. d3 Nge7 8. a3 O-O
9. Rb1 a5 10. Bd2 h6 11. Ne1 Be6 12. Nd5 f5 13. b4 axb4 14. axb4 Bxd5 15. cxd5
Nxb4 16. Bxb4 cxb4 17. Rxb4 Ra7 18. Qb3 Qa8 19. Nc2 f4 20. Rb1 Rc8 21. Rxb7 Rxb7
22. Qxb7 Qxb7 23. Rxb7 Nf5 24. Nb4 Rc1+ 25. Bf1 Nd4 26. Kg2 g5 27. Nc6 Nxc6 1/2-1/2

[Event "51st Capablanca Mem Prem"]
[Site "Varadero CUB"]
[Date "2016.06.16"]
[Round "7.1"]
[White "Ortiz Suarez, Isan Reynaldo"]
[Black "Morovic Fernandez, Ivan"]
[Result "1-0"]
[WhiteTitle "GM"]
[BlackTitle "GM"]
[WhiteElo "2578"]
[BlackElo "2572"]
[WhiteFideId "3507165"]
[BlackFideId "3405400"]
[EventDate "2016.06.09"]

1. e4 e5 2. Nf3 Nc6 3. Bc4 Bc5 4. O-O d6 5. c3 Bb6 6. d3 Nf6 7. Bb3 Ne7 8. Na3
O-O 9. Nc4 Ng6 10. a4 c6 11. Nxb6 axb6 12. Be3 h6 13. h3 Re8 14. Re1 Be6 15. Bc2
d5 16. exd5 Bxd5 17. d4 exd4 18. Nxd4 Be4 19. c4 Qc7 20. f3 Bxc2 21. Qxc2 Rad8
22. Nf5 c5 23. Bf2 Rxe1+ 24. Rxe1 Qd7 25. Bg3 Nh5 26. Bd6 Nhf4 27. Qe4 Nxg2 28.
Kxg2 Qxf5 29. Qxf5 Nh4+ 30. Kf2 Nxf5 31. Bc7 1-0

[Event "51st Capablanca Mem Prem"]
[Site "Varadero CUB"]
[Date "2016.06.16"]
[Round "7.2"]
[White "Sevian, Samuel"]
[Black "Gonzalez Vidal, Yuri"]
[Result "0-1"]
[WhiteTitle "GM"]
[BlackTitle "GM"]
[WhiteElo "2603"]
[BlackElo "2555"]
[WhiteFideId "2040506"]
[BlackFideId "3503321"]
[EventDate "2016.06.09"]

1. e4 e5 2. Nf3 Nc6 3. d4 exd4 4. Nxd4 Bc5 5. Be3 Qf6 6. c3 Nge7 7. Bc4 O-O 8.
O-O b6 9. Nc2 Ne5 10. Be2 Bb7 11. f4 N5g6 12. Bxc5 bxc5 13. e5 Qe6 14. Ne3 Nxf4
15. Rxf4 Qxe5 16. Rf2 Qxe3 17. Qxd7 Qc1+ 18. Rf1 Qxb2 19. Qd2 Qb6 20. Na3 Rad8
21. Qc2 Qe6 22. Nc4 Nd5 23. Bf3 Ba6 24. Rfe1 Qf6 25. Ne5 Rfe8 26. Bxd5 Rxe5 27.
Qa4 Be2 28. c4 g6 29. Qa5 Bxc4 30. Bxc4 Rxe1+ 31. Rxe1 Qd4+ 32. Kh1 Qxc4 33.
Qxc7 Rd5 34. Qxa7 Qe2 35. Qb8+ Kg7 36. Qb1 Qd2 37. Qa1+ f6 38. h3 Rg5 39. Re7+
Kh6 40. Qf1 Qxa2 41. Qf3 Qa1+ 42. Kh2 Qd4 43. Qb7 Qd6+ 44. Kh1 Rd5 45. Rxh7+ Kg5
46. g3 Rd1+ 47. Kh2 Rd2+ 48. Kh1 Qxg3 49. Rh5+ Kxh5 50. Qh7+ Kg5 51. h4+ Qxh4+ 0-1

[Event "51st Capablanca Mem Prem"]
[Site "Varadero CUB"]
[Date "2016.06.16"]
[Round "7.3"]
[White "Quesada Perez, Yuniesky"]
[Black "Gomez Garrido, Camilo Ernesto"]
[Result "1/2-1/2"]
[WhiteTitle "GM"]
[BlackTitle "IM"]
[WhiteElo "2631"]
[BlackElo "2546"]
[WhiteFideId "3504409"]
[BlackFideId "3507904"]
[EventDate "2016.06.09"]

1. d4 d5 2. c4 c6 3. Nf3 Nf6 4. e3 a6 5. Nbd2 Bf5 6. Nh4 Bg6 7. Nxg6 hxg6 8. g3
e6 9. Bg2 Nbd7 10. O-O Bd6 11. b3 Qe7 12. a3 O-O 13. Bb2 Rfe8 14. Re1 Rad8 15.
c5 Bc7 16. f4 Nh7 17. b4 f5 18. a4 Ndf6 19. Qe2 g5 20. Nf3 Ne4 21. Ne5 Bxe5 22.
dxe5 a5 23. bxa5 Qxc5 24. a6 bxa6 25. Rec1 Qb6 26. Bxe4 dxe4 27. Bd4 Rxd4 28.
exd4 gxf4 29. gxf4 Qxd4+ 30. Kh1 Nf8 31. Rd1 Qb4 32. Qxa6 e3 33. Qxc6 Qxf4 34.
a5 Rb8 35. Qg2 Qxe5 36. Ra2 Rb4 37. a6 Rg4 38. Qf3 Rf4 39. Qg2 Rg4 40. Qf3 Rf4
41. Qg2 1/2-1/2

[Event "51st Capablanca Mem Prem"]
[Site "Varadero CUB"]
[Date "2016.06.16"]
[Round "7.4"]
[White "Dragun, Kamil"]
[Black "Xiong, Jeffery"]
[Result "1/2-1/2"]
[WhiteTitle "GM"]
[BlackTitle "GM"]
[WhiteElo "2599"]
[BlackElo "2627"]
[WhiteFideId "1134167"]
[BlackFideId "2047640"]
[EventDate "2016.06.09"]

1. e4 c5 2. Nf3 d6 3. d4 Nf6 4. Nc3 cxd4 5. Nxd4 a6 6. g3 e5 7. Nde2 b5 8. Bg5
Nbd7 9. Nd5 Be7 10. Nxe7 Qxe7 11. Nc3 h6 12. Nd5 Qd8 13. Bxf6 Nxf6 14. Nxf6+
Qxf6 15. Bg2 O-O 16. O-O Bb7 17. a4 Bc6 18. axb5 axb5 19. Qd2 Qe7 20. Rxa8 Rxa8
21. Rd1 Ra2 22. h4 Qb7 23. Qb4 Ra4 24. Qxd6 1/2-1/2

[Event "51st Capablanca Mem Prem"]
[Site "Varadero CUB"]
[Date "2016.06.16"]
[Round "7.5"]
[White "Bacallao Alonso, Yusnel"]
[Black "Arribas Lopez, Angel"]
[Result "1-0"]
[WhiteTitle "GM"]
[BlackTitle "GM"]
[WhiteElo "2554"]
[BlackElo "2544"]
[WhiteFideId "3507416"]
[BlackFideId "2283352"]
[EventDate "2016.06.09"]

1. b3 e5 2. Bb2 Nc6 3. e3 d5 4. Bb5 Bd6 5. f4 Qe7 6. Nf3 f6 7. Nc3 Be6 8. O-O a6
9. Bxc6+ bxc6 10. fxe5 fxe5 11. d4 e4 12. Ne5 Qg5 13. Qd2 Ne7 14. Ne2 c5 15. Nf4
Qh6 16. Nxe6 Qxe6 17. Nf7 O-O 18. Nxd6 cxd6 19. dxc5 dxc5 20. Qc3 d4 21. exd4
Nd5 22. Qg3 e3 23. dxc5 g6 24. c4 e2 25. Rxf8+ Rxf8 26. cxd5 Qxd5 27. Qg4 Re8
28. Re1 Re4 29. Qc8+ Kf7 30. Qc7+ 1-0

[Event "51st Capablanca Mem Prem"]
[Site "Varadero CUB"]
[Date "2016.06.17"]
[Round "8.1"]
[White "Morovic Fernandez, Ivan"]
[Black "Arribas Lopez, Angel"]
[Result "1/2-1/2"]
[WhiteTitle "GM"]
[BlackTitle "GM"]
[WhiteElo "2572"]
[BlackElo "2544"]
[WhiteFideId "3405400"]
[BlackFideId "2283352"]
[EventDate "2016.06.09"]
[EventType "tourn"]

1. e4 e6 2. d4 d5 3. Nc3 Nf6 4. Bg5 dxe4 5. Nxe4 Be7 6. Bxf6 gxf6 7. Nc3 Qd6 8.
Qd2 Nd7 9. O-O-O a6 10. g3 f5 11. Bg2 Rb8 12. d5 e5 13. f4 Rg8 14. Bh3 exf4 15.
gxf4 Nb6 16. Qd3 Qxf4+ 17. Kb1 Bf6 18. Nge2 Qc4 19. Qf3 Rg5 20. Rhg1 Qb4 21.
Rxg5 Bxg5 22. a3 Qd6 23. Bxf5 Qxh2 24. Bxc8 Nxc8 25. Ng3 Nd6 26. Rh1 Qd2 27.
Rxh7 Rd8 28. Nce4 Qc1+ 29. Ka2 Qf4 30. Nxg5 Qxg5 31. Rh5 Qg6 32. Nf5 Nxf5 33.
Rxf5 b5 34. Re5+ Kf8 35. Qf4 Rd6 36. Qe3 Qxc2 37. Re8+ Kg7 38. Qe5+ Rf6 39. Qg3+
Rg6 40. Qe5+ Rf6 41. Qg3+ Rg6 42. Qe5+ Rf6 1/2-1/2

[Event "51st Capablanca Mem Prem"]
[Site "Varadero CUB"]
[Date "2016.06.17"]
[Round "8.2"]
[White "Xiong, Jeffery"]
[Black "Bacallao Alonso, Yusnel"]
[Result "1/2-1/2"]
[WhiteTitle "GM"]
[BlackTitle "GM"]
[WhiteElo "2627"]
[BlackElo "2554"]
[WhiteFideId "2047640"]
[BlackFideId "3507416"]
[EventDate "2016.06.09"]
[EventType "tourn"]

1. Nf3 Nf6 2. c4 e6 3. d4 b6 4. g3 Bb7 5. Bg2 Be7 6. O-O O-O 7. Nc3 Ne4 8. Bd2
Bf6 9. Rc1 Na6 10. Ne5 Nxc3 11. Bxc3 Bxg2 12. Kxg2 d6 13. Ng4 Be7 14. Ne3 c5 15.
d5 Nc7 16. Qd3 Qd7 17. b3 Rfe8 18. Rcd1 Bf8 19. Kg1 Rab8 20. dxe6 fxe6 21. Ng4
b5 22. e4 bxc4 23. bxc4 e5 24. Nxe5 Qe6 25. Nc6 Rb6 26. Nxa7 Qxe4 27. Qxe4 Rxe4
28. Ba5 Ra6 29. Bxc7 Rxa7 30. Bxd6 Rxc4 31. Rfe1 Bxd6 32. Rxd6 Rc2 33. a4 h6 34.
Re8+ Kf7 35. Re4 Ra2 36. Rc6 R2xa4 37. Rxa4 Rxa4 38. Rxc5 g6 39. Kg2 h5 40. Kh3
Kf6 41. Rc6+ Kf5 42. Rb6 Rc4 43. Rb8 Kf6 44. Rb2 Ra4 45. f4 Ra5 46. Kh4 Rc5 47.
Rb6+ Kf7 48. Rb2 Kf6 49. Re2 Ra5 50. Re5 Ra2 51. h3 Ra6 52. Rb5 Rc6 53. Rb4 Ra6
54. Rb7 Rc6 55. g4 hxg4 56. hxg4 Rc1 57. g5+ Kf5 58. Rf7+ Ke4 59. Kg3 Rg1+ 60.
Kf2 Ra1 61. Rf6 Ra3 62. Kg2 Rb3 63. Kf2 Ra3 64. Kg2 Rb3 1/2-1/2

[Event "51st Capablanca Mem Prem"]
[Site "Varadero CUB"]
[Date "2016.06.17"]
[Round "8.3"]
[White "Gomez Garrido, Camilo Ernesto"]
[Black "Dragun, Kamil"]
[Result "0-1"]
[WhiteTitle "IM"]
[BlackTitle "GM"]
[WhiteElo "2546"]
[BlackElo "2599"]
[WhiteFideId "3507904"]
[BlackFideId "1134167"]
[EventDate "2016.06.09"]
[EventType "tourn"]

1. e4 e5 2. Nf3 Nc6 3. Bb5 a6 4. Ba4 Nf6 5. O-O Be7 6. Re1 b5 7. Bb3 d6 8. c3
O-O 9. h3 Bb7 10. d4 Re8 11. Ng5 Rf8 12. Nf3 Re8 13. Nbd2 exd4 14. cxd4 Nd7 15.
Nf1 Na5 16. Bc2 Bf6 17. Rb1 c5 18. d5 Nc4 19. b3 Nce5 20. N3h2 Ng6 21. Ng3 Bc8
22. Ng4 Bc3 23. Rf1 Nf6 24. Ne2 Ba5 25. Nxf6+ Qxf6 26. f4 Ra7 27. Bb2 Qh4 28. f5
Ne5 29. Rf4 Qf6 30. Kh2 Qh6 31. Bc1 Bd8 32. Ng3 Bg5 33. Rf1 Bxc1 34. Rxc1 g6 35.
Bb1 b4 36. Bd3 Bd7 37. Be2 Qg5 38. Rc2 a5 39. Bd3 Qe3 40. Bc4 a4 41. Re2 Qg5 42.
Ref2 axb3 43. axb3 Rea8 44. Ne2 Qe3 45. Nc1 Qxe4 46. fxg6 hxg6 47. Re2 Qh4 48.
Rxe5 dxe5 49. d6 Bc6 50. Ne2 Ra1 51. Nc1 R8a7 52. Qc2 Kg7 53. g3 Qd4 54. Rd1
R7a2 55. Nxa2 Rxd1 0-1

[Event "51st Capablanca Mem Prem"]
[Site "Varadero CUB"]
[Date "2016.06.17"]
[Round "8.4"]
[White "Gonzalez Vidal, Yuri"]
[Black "Quesada Perez, Yuniesky"]
[Result "1/2-1/2"]
[WhiteTitle "GM"]
[BlackTitle "GM"]
[WhiteElo "2555"]
[BlackElo "2631"]
[WhiteFideId "3503321"]
[BlackFideId "3504409"]
[EventDate "2016.06.09"]
[EventType "tourn"]

1. e4 e5 2. Nf3 Nc6 3. Bb5 Nf6 4. d3 Bc5 5. Bxc6 dxc6 6. Nbd2 O-O 7. O-O Nd7 8.
Nc4 Re8 9. Be3 Bf8 10. a4 a5 11. Re1 c5 12. c3 b6 1/2-1/2

[Event "51st Capablanca Mem Prem"]
[Site "Varadero CUB"]
[Date "2016.06.17"]
[Round "8.5"]
[White "Ortiz Suarez, Isan Reynaldo"]
[Black "Sevian, Samuel"]
[Result "1/2-1/2"]
[WhiteTitle "GM"]
[BlackTitle "GM"]
[WhiteElo "2578"]
[BlackElo "2603"]
[WhiteFideId "3507165"]
[BlackFideId "2040506"]
[EventDate "2016.06.09"]
[EventType "tourn"]

1. Nf3 d5 2. g3 c6 3. c4 Bg4 4. Qb3 Bxf3 5. Qxf3 e6 6. Bg2 Nd7 7. Qb3 Qb6 8. Qc2
Ngf6 9. O-O Be7 10. d3 O-O 11. Nc3 a5 12. b3 Qa6 13. Bb2 b5 14. cxb5 cxb5 15. a4
bxa4 16. Nxa4 Rfc8 17. Qd2 Rab8 18. Ba3 Bb4 19. Bxb4 Rxb4 20. Rfb1 Qb5 21. d4
Rxb3 22. Rxb3 Qxb3 23. Qxa5 g6 24. h3 Kg7 25. e3 Qb7 26. Qe1 Qc6 27. Qd1 Qc2 28.
Qxc2 Rxc2 29. Rb1 h5 30. Rb7 Rc4 31. Nb2 Rc1+ 32. Kh2 Rb1 33. Rb4 g5 34. Nd3 Rd1
35. Rb3 Rd2 36. Kg1 Rd1+ 37. Kh2 Rd2 38. Kg1 Rd1+ 1/2-1/2

[Event "51st Capablanca Mem Prem"]
[Site "Varadero CUB"]
[Date "2016.06.19"]
[Round "9.1"]
[White "Sevian, Samuel"]
[Black "Morovic Fernandez, Ivan"]
[Result "1-0"]
[WhiteTitle "GM"]
[BlackTitle "GM"]
[WhiteElo "2603"]
[BlackElo "2572"]
[WhiteFideId "2040506"]
[BlackFideId "3405400"]
[EventDate "2016.06.09"]
[EventType "tourn"]

1. e4 e5 2. Nf3 Nc6 3. d4 exd4 4. Nxd4 Bc5 5. Be3 Qf6 6. c3 Nge7 7. Bc4 O-O 8.
O-O b6 9. Qd2 Qg6 10. Nxc6 Qxc6 11. Bxc5 Qxc5 12. Na3 a5 13. Qd4 Rb8 14. Rfd1 d6
15. Nb5 Be6 16. Be2 Rfc8 17. f4 Nc6 18. Qf2 a4 19. Nd4 Bd7 20. b4 axb3 21. axb3
Nxd4 22. cxd4 Qb4 23. f5 Re8 24. f6 Rxe4 25. Bd3 Rg4 26. Rac1 g6 27. Rxc7 Be6
28. Bc4 d5 29. Be2 Re4 30. Re7 Qxb3 31. g3 h5 32. Rd3 Qb1+ 33. Rd1 Qb3 34. Rd3
Qc2 35. Bf1 Qc1 36. Qd2 Re1 37. Qxc1 Rxc1 38. Kf2 Rc2+ 39. Be2 Ra8 40. Ke3 Raa2
41. Bf3 Rxh2 42. Kf4 h4 43. Re8+ Kh7 44. Re3 hxg3 45. R3xe6 g2 46. Re1 Rh4+ 47.
Kg5 Rh3 48. Kg4 Rh5 49. R8e5 Rf2 50. Rg1 Rh1 51. Rxg2 Rxg2+ 52. Bxg2 Rg1 53. Kg3
Kh6 54. Rxd5 Rd1 55. Kf3 Re1 56. Re5 Rd1 57. d5 1-0